00759cam a22002411 4500001001300000003000400013005001700017008004100034010001700075035002000092040002200112042001200134050001500146100002000161245012700181250002400308260005600332300004100388500001800429650002300447651003000470999001700500sa 67007692 DLC20260227112417.0890327s1963 ii c 000 0 maio  asa 67007692  a(OCoLC)19463327 aDLCcNRUdWUdDLC apremarc00aB131b.J521 aJha, Yashodhar.10aMithilā vaibhava;bMithilā me darśanaka utkarsha. The philosophical treasure of Mithila.cLekhaka Yaśodhara Jhā. a[1. saṃskar̥ana. aPatanā,bMudaraka: Indiana Naśana Presa,c1963] a21, 2, 11, 11, 131 p.bport.c21 cm. aIn Maithilli. 0aPhilosophy, Indic. 0aMithila (India and Nepal) c76733d76733